Barrios de Madrid: Carabanchel - Estadísticas

Estadísticas generales
  • Esta prueba ha sido intentada 7 veces
  • La puntuación promedio es 3 de 7
Estadísticas de respuestas
Código Barrio % Correcto
112 Opañel
83%
114 Vista Alegre
83%
113 San Isidro
33%
117 Abrantes
17%
111 Comillas
17%
115 Puerta Bonita
17%
116 Buenavista
0%
No se encontraron pruebas coincidentes
Distribución de puntuación
Porcentaje de gente con cada puntuación
Porcentaje por número respondido
Historial de tus puntuaciones
No has intentado esta prueba.